000 005790000a22001810004500
090 _aAR
_b02883
245 1 0 _aCorridor length and patch colonization by a butterfly, Junonia coenia
650 1 4 _aEcología del paisaje
_992227
650 1 4 _aCorredores ecológicos
_975249
650 1 4 _aPaisajes fragmentados
_95200
650 1 4 _aBiología de la conservación
_93740
651 4 _pEstados Unidos
_992749
653 _gJunonia
_eJunonia coenia
041 0 _aInglés
100 1 _aAddad, Nick
_996370
942 _cARTICULO
773 1 _tConservation Biology
_324
_h3
_q738-745
_d2000
_g14
999 _c11943
_d11943